000 00305 a2200121 4500
001 64472
082 _a681.2 DUN
090 _c38095
_d38095
100 _aDunn W C
245 _aIntro to instrumentation, sensors and process cat
_hEnglish
260 _aBoston
_bArtech house
_c2006
300 _axvi, 331p.
942 _aNUST CAE
_k681.2 DUN
999 _c299545
_d299545